| 000 | 00684nam a2200205Ii 4500 | ||
|---|---|---|---|
| 003 | JO-AjNU | ||
| 008 | 230605s9999||||xx |||||||||||||| ||und|| | ||
| 040 |
_aJO-AjNU _bara _erda _cJO-AjNU |
||
| 041 | _aara | ||
| 050 | 1 | 4 | _aPJ7552.Z592.Z781 1983 |
| 100 | 3 |
_aبكار، يوسف حسن, _eauthor _942553 |
|
| 245 | 0 | 0 | _aشعر زياد الأعجم جمع وتحقيق ودراسة |
| 250 | _aط1 | ||
| 264 | 3 | 1 | _aبيروت:دار المسيرة،1983 |
| 300 | _a165ص | ||
| 336 |
_atext _btxt _2rdacontent |
||
| 337 |
_aunmediated _bn _2rdamedia |
||
| 338 |
_avolume _bnc _2rdacarrier |
||
| 650 | 4 |
_aالشعراء العرب-الشعر العربي- زياد الأعجم _942554 |
|
| 999 |
_aA18229 _c21797 _d21797 |
||